Language Quiz

Random Language or State Quiz

Official Languages of Europe Quiz Stats

 Plays Quiz Updated Feb 13, 2019

Score 0/39 Timer 08:00
36 Plays Today
Language % Correct
English
98.1%
French
97.6%
German
96.4%
Spanish
95.5%
Italian
94.4%
Russian
92.5%
Swedish
89%
Greek
87.1%
Dutch
83.2%
Finnish
82.1%
Polish
81.8%
Portuguese
81.2%
Irish
80.2%
Turkish
78.8%
Norwegian
75.9%
Romanian
74.9%
Danish
74.7%
Czech
73.3%
Hungarian
71.7%
Latvian
71%
Language % Correct
Serbian
70.6%
Lithuanian
68.5%
Estonian
68.2%
Slovak
67.8%
Croatian
66.6%
Albanian
66.2%
Bulgarian
63.2%
Ukrainian
59.4%
Icelandic
58.7%
Slovenian
57.2%
Bosnian
54.7%
Macedonian
51.2%
Maltese
44%
Catalan
40.9%
Belarusian
35.7%
Romansch
22.6%
Luxembourgish
22%
Montenegrin
16.8%
Mirandese
5.2%

You're not logged in!

Compare scores with friends on all Sporcle quizzes.
OR
Log In

Sporcle TV

Today on Sporcle TV


Watch our educational content, quiz creation guides, and fun videos on Sporcle TV.

Show Comments

Extras

Top Quizzes Today


Score Distribution

Your Account Isn't Verified!

In order to create a playlist on Sporcle, you need to verify the email address you used during registration. Go to your Sporcle Settings to finish the process.

Report this User

Report this user for behavior that violates our Community Guidelines.

Details: